Gdańsk, Gdynia czy Sopot? - klikanie - Statystyki

Ogólne statystyki
  • Ten quiz został rozwiązany 95 razy
    94 od ostatniego zresetowania
  • Średni wynik to 27 z 40
Statystyki odpowiedzi
Hint Odpowiedź % Poprawnych
Jest to największe i najludniejsze miasto z całej trójki Gdańsk
88%
Jest siedzibą władz województwa pomorskiego Gdańsk
87%
Prezydentem tego miasta był Paweł Adamowicz, zamordowany podczas finału WOŚP w 2019 Gdańsk
86%
To miasto jest najmniejsze w Trójmieście Sopot
86%
W tym mieście znajduje się Klif Orłowski Gdynia
84%
Jedyne miasto w Trójmieście, które posiada ogród zoologiczny Gdańsk
83%
Jako jedyne miasto z Trójmiasta nie posiada klubu piłkarskiego w Ekstraklasie w sezonie 2025/26 Sopot
83%
W okresie międzywojennym i napoleońskim było to tzw. Wolne Miasto Gdańsk
82%
Jako jedyne miasto w Trójmieście posiada komunikację tramwajową Gdańsk
82%
W tym mieście znajduje się największy ceglany kościół na świecie Gdańsk
80%
W tym mieście znajduje się dzielnica Chełm Gdańsk
80%
Posiada najmniej stacji SKM Trójmiasto Sopot
79%
Graniczy z powiatem wejherowskim Gdynia
78%
W tym mieście toczyła się obrona gmachu Poczty Polskiej Gdańsk
76%
W tym mieście w sierpniu 1980 roku wybuchł strajk, którego skutkiem było powstanie NSZZ ,,Solidarność" Gdańsk
76%
Wisła opływa to miasto od wschodu Gdańsk
75%
Na terenie tego obecnego miasta w 1660 roku podpisano traktat kończący Potop szwedzki Gdańsk
75%
Posiada więcej niż 3 linie trolejbusowe Gdynia
75%
W tym mieście znajdują się Plac Kaszubski i Plac Górnośląski Gdynia
75%
Krzyżacy dokonali rzezi mieszkańców tego miasta w 1308 roku Gdańsk
72%
Herb tego miasta przedstawia dwie ryby przebite mieczem Gdynia
72%
Punktem centralnym tego miasta jest tzw. Monciak Sopot
72%
Centrum tego miasta zbudowane jest w stylu modernistycznym Gdynia
70%
Przy nabrzeżu w tym mieście cumuje ORP ,,Błyskawica" Gdynia
70%
Z tym miastem związany jest Eugeniusz Kwiatkowski Gdynia
68%
W latach 30. port w tym mieście był najruchliwszy na Bałtyku Gdynia
62%
W tym mieście znajduje się 2 najdłuższe molo nad Bałtykiem Sopot
62%
Rzeka Swelina stanowi granicę między Sopotem a tym miastem Gdynia
61%
Najmłodsze miasto Trójmiasta, uzyskało prawa miejskie w 1926 Gdynia
59%
Patronem tego miasta jest Święty Wojciech Gdańsk
58%
W okresie międzywojennym to miasto znajdowało się w całości na terytorium RP Gdynia
58%
Funkcję głowy miasta pełni prezydent Wszystkie
58%
W tym mieście zastrzelony został Zbigniew Godlewski (Janek Wiśniewski) Gdynia
55%
Początek kariery tego miasta jako znanego kurortu morskiego rozpoczął Jerzy Haffner Sopot
54%
Na terenie tego miasta znajduje się Góra Gradowa Gdańsk
53%
W tym mieście znajduje się Port Północny Gdańsk
49%
Brodwino i Karlikowo to dzielnice tego miasta Sopot
46%
Przez to miasto przechodzi droga wojewódzka nr. 468 Wszystkie
32%
Głową tego miasta jest kobieta Wszystkie
28%
Posiada terytorium na terenie wysoczyzny Pojezierza Kaszubskiego Wszystkie
16%
Nie znaleziono quizów pasujących do podanych kryteriów
Rozkład punktacji
Procent ludzi z każdym wynikiem
Percentyl według liczby udzielonych odpowiedzi
Twoja historia wyników
Nie rozwiązałeś tego quizu od ostatniego zresetowania